LIBRARY ONLINE CATALOGUE

Economics : (Record no. 1587)

MARC details
000 -LEADER
fixed length control field 00540nam a22002052 4500
001 - CONTROL NUMBER
control field 0000021001
003 - CONTROL NUMBER IDENTIFIER
control field OSt
005 - DATE AND TIME OF LATEST TRANSACTION
control field 20170526110242.0
008 - FIXED-LENGTH DATA ELEMENTS--GENERAL INFORMATION
fixed length control field 120106s xx 000 0 eng d
040 ## - CATALOGING SOURCE
Original cataloging agency KABU
Transcribing agency KABU
100 1# - MAIN ENTRY--PERSONAL NAME
Personal name Wesonga, Moses J. W.
245 10 - TITLE STATEMENT
Title Economics :
Remainder of title a basic text /
Statement of responsibility, etc. Moses J. W. Wesonga.
250 ## - EDITION STATEMENT
Edition statement 1st ed.
260 ## - PUBLICATION, DISTRIBUTION, ETC. (IMPRINT)
Place of publication, distribution, etc. Nairobi :
Name of publisher, distributor, etc. K. L. B.,
Date of publication, distribution, etc. 1989.
300 ## - PHYSICAL DESCRIPTION
Extent xiv, 306 p.
650 #0 - SUBJECT ADDED ENTRY--TOPICAL TERM
Topical term or geographic name as entry element Economics.
908 ## - PUT COMMAND PARAMETER (RLIN)
Put command parameter 120106
942 ## - ADDED ENTRY ELEMENTS (KOHA)
Source of classification or shelving scheme Library of Congress Classification
Koha item type General Collection
Holdings
Withdrawn status Lost status Source of classification or shelving scheme Not for loan Home library Current library Date acquired Total Checkouts Total Renewals Full call number Barcode Date last seen Date last checked out Copy number Price effective from Koha item type
    Library of Congress Classification   Kabarak, Main Campus Kabarak, Main Campus 21/10/2015 13 3 HB171.5 .W47 1989 c. 1 20150 02/08/2024 26/10/2021 c.1 21/10/2015 General Collection
    Library of Congress Classification   Kabarak, Nakuru City Campus Kabarak, Main Campus 21/10/2015 17 2 HB171.5 .W47 1989 c. 1 20155 28/07/2025 21/07/2025 c.1 21/10/2015 General Collection